Serge gainsbourg en chansons # 18 - Statistiques

Statistiques générales
  • Ce quiz a été pris 621 fois
  • Le résultat moyen est 11 sur 22
Statistiques - réponses
Paroles Chansons % Correct
J'avoue j'en ai bavé pas vous Mon amour Avant d'avoir eu vent de vous Mon amour La javanaise
92%
Je fais des trous, des petits trous, encore des petits trous Des petits trous, des petits trous, toujours des petits trous Des trous de seconde classe Des trous de première classe Le poinçonneur des Lilas
92%
Vous avez lu l'histoire de Jesse James Comment il vécut, comment il est mort Ça vous a plu, hein, vous en d'mandez encore ( avec Brigitte Bardot ) Bonnie & Clyde
76%
Si tu fais comme le café Rien qu'à m'énerver Rien qu'à m'exciter Ce soir la nuit sera blanche Couleur café
69%
Viens faire des bulles, viens faire des wip Des clip, crap, des bang, des vlop Et des zip, shebam, pow, blop, wizz Comic strip
65%
Le soleil au zénith Vingt ans, dix-huit Dix-sept ans à la limite Je ressuscite Sea sex and sun
64%
Et tes larmes n'y pourront rien changer Comme dit si bien Verlaine au vent mauvais Je suis venu te dire que je m’en vais
62%
"Oh je voudrais tant que tu te souviennes" Cette chanson était la tienne C'était ta préférée je crois La chanson de Prévert
62%
Je vais, je vais et je viens Entre tes reins ( avec Jane Birkin ) Je t'aime moi non plus
61%
Exquise esquisse Délicieuse enfant Ma chair et mon sang ( avec Charlotte Gainsbourg ) Lemon incest
59%
Fais-moi quelques anglaises Et la raie au milieu On a 13 14 ans à nous deux Elisa
52%
Une nuit que j'étais À me morfondre Dans quelque pub anglais Du cœur de Londres Initials B.B.
51%
Ils s'aiment et la traversée Durera toute une année Ils vaincront les maléfices Jusqu'en 70 ( avec Jane Birkin ) 69 année érotique
46%
Allons enfants de la Patrie Le jour de gloire est arrivé Aux armes et caetera
46%
Tu ne perds rien pour attendre Je saurai bien te descendre J'serai content d'avoir ta peau Vieux chameau Vieille canaille
44%
Écoute les orgues Elles jouent pour toi Il est terrible cet air là J'espère que tu aimes Requiem pour un con
42%
Je t'aime et je crains De m'égarer Et je sème des grains De pavot sur les pavés L'anamour
35%
La p'tite Noé Veut plus m'parler Qu'a Noé? L'ami Cao M'a mis K.O Qu'a Cao? L’ami caouette
33%
Tu n'es qu'un fumeur de gitanes, je vois tes volutes bleues Me faire parfois venir les larmes aux yeux ( avec Catherine Deneuve ) Dieu fumeur de havanes
27%
D'abord je veux avec ma langue Natale deviner tes pensées Mais toi déjà déjà tu tangues Aux flux et reflux des marées Love on the beat
18%
Ouais, elle en avait des tonnes Mais ses jours étaient comptés Quatorze automnes Et quinze étés Ballade de Melody Nelson
17%
Elle avait de ces yeux, un vrai chat abyssin
Et ses seins, deux sphères
Entre lesquelles j'abandonnais deux mois de salaire
Pour y rouler mon pauvre joint
Lola rastaquouère
12%
Aucun quiz correspondant
Distribution des résultats
% des personnes avec chaque résultat
Percentile par nombre de réponses
Votre historique - résultats
Vous n’avez pas pris ce quiz